000 00346 a2200157 4500
001 24908
020 _a9788508145713
040 _cAnchieta - São Paulo/Itaigara
100 _aSandoval, Tony
240 1 0 _aQuando eu cresci
_lpor
245 1 0 _aQuando eu cresci
300 _a95
362 0 _a2011
650 4 _aLiteratura juvenil
942 _cBK
999 _c24908
_d24908